000 00394nam a2200157Ia 4500
008 100122s9999 xx 000 0 und d
082 _b74027
_aB823.08
100 _aPARRAGON
245 _aTALES FROM THE ARABIAN NIGHTS
250 _a1
260 _bPARRAGON
_c2000
300 _a600
630 _aTALES FROM THE ARABIAN NIGHTS
730 _aTALES FROM THE ARABIAN NIGHTS
942 _cBOOK
999 _c390020
_d390017